000 00463nam a2200145Ia 4500
008 090124s9999 xx 000 0 und d
082 _b403248
245 _a दिल्लीचे मोगल बादशहा
250 _a2
260 _bदेवळे श.रा.
_c1996
300 _a48
630 _a दिल्लीचे मोगल बादशहा
730 _a दिल्लीचे मोगल बादशहा
942 _cBOOK
999 _c199731
_d199731